LEADER 01538nam a2200361 u 4500 001 000000004691 003 CaOOAMICUS 005 20070226104659.0 008 940514s1988 it a u000 u ita u 020 $a8885020887 020 $a8885020992 035 $a10124413 040 $aDLC$bita$cDLC$dNjP$dISV 100 1 $aPisani Sartorio, Giuseppina.$0(OLS)http://pul/name/4862 245 10$aMezzi di trasporto e traffico /$cGiuseppina Pisani Sartorio. 260 $aRoma :$bQuasar,$c1988. 300 $a86 p. :$bill. ;$c24 cm 490 1 $aVita e costumi dei romani antichi ;$v6 500 $aAt head of title: Museo della civiltà romana. 504 $aIncludes bibliographical references (p. 83-86). 650 0$aTravel, Ancient.$2//eng$0(OLS)http://pul/subject/4079 650 0$aTransportation$zRome.$2//eng$0(OLS)http://pul/subject/4080 651 0$aRome$xAntiquities.$2//eng$0(OLS)http://pul/subject/2458 710 2 $aMuseo della civiltà romana.$0(OLS)http://pul/name/3340 830 0$aVita e costumi dei romani antichi ;$v6.$0(OLS)http://pul/title/4598 850 $aPUL 852 $aPUL$W1$xSL Filosofia 1$y2$m116 H 6$j6565$nBK-PRI$b $qStampati$B6565$CPULBib$Z2$F6565 $H $81 941 1 $a8 961 $aINV: 79727 996 $6020$a8885020887$9(OLS)http://pul/number/5093 996 $6020$a8885020992$9(OLS)http://pul/number/6060 996 $6245$aMezzi di trasporto e traffico$9(OLS)http://pul/title/6775 996 $6260$aRoma :$bQuasar$9(OLS)http://pul/publisher/49140 LEADER 01330nam a2200277 u 4500 001 000000073978 003 CaOOAMICUS 005 20070226122418.0 008 021128s1961 it u000 u ita u 035 $a10946243 040 $aPUL$bita 100 1 $aMaggiolini, Sandro,$csac.$0(OLS)http://pul/name/32408 245 13$aLa predicazione nella vita della Chiesa :$blineamenti di riflessione pastorale sul problema della proclamazione della parola di Dio /. 260 $aBrescia :$bQueriniana,$cstampa 1961. 300 $a240 p. ;$c18 cm 490 1 $aMorale e pastorale 500 $aB 650 4$aSacerdozio$xStudi.$0(OLS)http://pul/subject/25928 830 0$aMorale e pastorale.$0(OLS)http://pul/title/62951 850 $aPUL 852 $aPUL$W1$xSL Religione 2$y84$mRH E 41$j95519$nBK-PRI$b $qStampati altre collocazioni$B95519$CPULBib$Z2$F95519 $H $81 852 $aPUL$W1$xDP1 Fondo Pastorale$y55$mP6 B 34$j95520$nBK-PRI$b $qFondi$B95520$CPULBib$Z2$F95520 $H $81 941 1 $a1 941 1 $a10 996 $6245$aLa predicazione nella vita della Chiesa :$blineamenti di riflessione pastorale sul problema della proclamazione della parola di Dio$9(OLS)http://pul/title/97226 996 $6260$aBrescia :$bQueriniana$9(OLS)http://pul/publisher/47906